书目信息 |
| 题名: |
读懂时尚
|
|
| 作者: | 波兰 , 特雷德 著 ;郑亦丹 译 | |
| 分册: | ||
| 出版信息: | 重庆 重庆大学出版社 2022 |
|
| 页数: | 14,393页 | |
| 开本: | 24cm | |
| 丛书名: | ||
| 单 册: | ||
| 中图分类: | K815.72 | |
| 科图分类: | ||
| 主题词: | 服装设计师--生平事迹--世界 | |
| 电子资源: | ||
| ISBN: | 978-7-5689-2891-5 | |
| 000 | 01418nam0 2200265 450 | |
| 001 | 2251715524 | |
| 005 | 20220928142210.69 | |
| 010 | @a978-7-5689-2891-5@dCNY99.00 | |
| 100 | @a20220512d2022 em y0chiy50 ea | |
| 101 | 1 | @achi@ceng |
| 102 | @aCN@b500000 | |
| 105 | @aa z 000yd | |
| 200 | 1 | @a读懂时尚@9du dong shi shang@e从香奈儿到麦昆,铸就时尚史的名字@dThe great fashion designers: from chanel to mcqueen,the names that made fashion history@f(英)布伦达·波兰(Brenda Polan),(英)罗杰·特雷德(Roger Tredre)著@g郑亦丹译@zeng |
| 210 | @a重庆@c重庆大学出版社@d2022 | |
| 215 | @a14,393页@c照片,图@d24cm | |
| 300 | @a万花筒 | |
| 330 | @a本书是一本关于时尚文化人物史的图书,书中图文并茂地介绍了50位知名时尚设计师。从19世纪的时装设计师查尔斯·弗雷德里克·沃思(CharlesFrederickWorth)开始,一直到2010年代末,波兰和特瑞德烈详细介绍了每个设计师的工作方法和职业亮点,以及他们的时代精神。我们这次准备引进的是更新版,其中收录了HediSlimane,RafSimons,PhoebePhilo,AlessandroMichele,DemnaGvasalia五位当下最有名的设计师的资料。 | |
| 510 | 1 | @aGreat fashion designers : from chanel to mcqueen, the names that made fashion history@zeng |
| 606 | 0 | @a服装设计师@x生平事迹@y世界 |
| 690 | @aK815.72@v5 | |
| 701 | 0 | @c(英)@a波兰@9bo lan@c(Polan, Brenda)@4著 |
| 701 | 0 | @c(英)@a特雷德@9te lei de@c(Tredre, Roger)@4著 |
| 702 | 0 | @a郑亦丹@9zheng yi dan@4译 |
| 801 | 0 | @aCN@b91MARC@c20220512 |
| 905 | @aZUCC@dK815.72@e5 | |
| 读懂时尚:从香奈儿到麦昆,铸就时尚史的名字=The great fashion designers: from chanel to mcqueen,the names that made fashion history/(英)布伦达·波兰(Brenda Polan),(英)罗杰·特雷德(Roger Tredre)著/郑亦丹译.-重庆:重庆大学出版社,2022 |
| 14,393页:照片,图;24cm |
| 万花筒 |
| ISBN 978-7-5689-2891-5:CNY99.00 |
| 本书是一本关于时尚文化人物史的图书,书中图文并茂地介绍了50位知名时尚设计师。从19世纪的时装设计师查尔斯·弗雷德里克·沃思(CharlesFrederickWorth)开始,一直到2010年代末,波兰和特瑞德烈详细介绍了每个设计师的工作方法和职业亮点,以及他们的时代精神。我们这次准备引进的是更新版,其中收录了HediSlimane,RafSimons,PhoebePhilo,AlessandroMichele,DemnaGvasalia五位当下最有名的设计师的资料。 |
| ● |
| 相关链接 |
|
|
|
正题名:读懂时尚
索取号:K815.72/5
 
预约/预借
| 序号 | 登录号 | 条形码 | 馆藏地/架位号 | 状态 | 备注 |
| 1 | 2000904535 | 2000904535 | 第三书库/ [索取号:K815.72/5] | 在馆 | |
| 2 | 2000904536 | 2000904536 | 第三书库/ [索取号:K815.72/5] | 在馆 | |
| 3 | 2000904537 | 2000904537 | 第三书库/ [索取号:K815.72/5] | 在馆 |